000 00694nam a22002177a 4500
003 OSt
005 20251009011611.0
008 251009b |||||||| |||| 00| 0 eng d
020 _a 978-1-4129-2382-8.
040 _aDWCL-Admin lib
_cOC
082 _aCirc. 362.196 W187e 2007
100 _aWall, Kate
245 _aEduaction and care for adolescents and adults with autism.
_cKate Wall
260 _aLos Angeles :
_bSage Pub. ,
_cc2007.
300 _axi, 155 p. ;
_c24 cm.
504 _aIncludes bibliographical references & index.
650 _a1. Autism in adolescence
650 _a2. Autistic people-Care
650 _a3. Autistic people-Education.
942 _2ddc
_cBK-CIRC
_kCirc.
_n0
999 _c4727
_d4727